LEADER 01908nam a2200361 i 4500 001 000000219737 003 CaOOAMICUS 005 20220331145310.0 008 130408s1998 it u000 u ita u 013 $a198634 020 $a978-88-06-17369-2 040 $aSeMil$bita 100 1 $aMarx, Karl,$d<1818-1883>.$0(OLS)http://semarc/name/539 240 10$aManifest der Kommunistischen Partei.$0(OLS)http://semarc/title/223100 245 10$aManifesto del Partito comunista /$cKarl Marx e Friedrich Engels ; traduzione dell'ed. critica del Marx-Engels-Lenin Institut di Mosca a cura di Emma Cantimori Mezzomonti ; seguito da Principi del comunismo, Per la storia della Lega dei Comunisti e dalle prefazioni di Marx e Engels ; con un saggio storico-critico di Bruno Bongiovanni. 250 $aNuova ed. 264 1$aTorino :$bEinaudi,$c1998. 300 $aLI, 220 p ;$c20 cm. 490 1 $aET saggi [Einaudi] ;$v533 650 4$aMarx, Karl <1818-1883> . Manifest der Kommunistischen Partei.$0(OLS)http://semarc/subject/52009 650 4$aMarx, Karl <1818-1883> - Opere.$0(OLS)http://semarc/subject/4972 650 4$aEngels, Friedrich <1820-1895> - Opere.$0(OLS)http://semarc/subject/12440 700 1 $aCantimori Mezzomonti, Emma.$0(OLS)http://semarc/name/59828 700 1 $aEngels, Friedrich,$d<1820-1895>.$0(OLS)http://semarc/name/540 700 1 $aBongiovanni, Bruno,$d<1947- >.$0(OLS)http://semarc/name/77094 830 0$aET ;$v533.$0(OLS)http://semarc/title/28189 850 $aSeMil 852 $aSeMil$W1$xVenegono$y1$m2P I 769$j170098$B170098$CSeMilBibl$Z2$F180877 $81 961 $aAcquisto: LI.CO.SA 996 $6020$a978-88-06-17369-2$9(OLS)http://semarc/number/217964 996 $6245$aManifesto del Partito comunista$9(OLS)http://semarc/title/223099 996 $6264$aTorino :$bEinaudi$9(OLS)http://semarc/publisher/29884 LEADER 01147nam a2200253 i 4500 001 000000116523 003 CaOOAMICUS 005 20160531000000.0 008 160531s1968 it u000 u ita u 013 $a89212 040 $aSeMil$bita 100 1 $aBlanchard, Duncan C.$0(OLS)http://semarc/name/48683 240 10$aFrom Raindrops to Volcanoes.$0(OLS)http://semarc/title/170894 245 10$aMare, vulcani e nubi :$bmeteorologia della superficie marina /$cDuncan C. Blanchard. 260 $aBologna :$bZanichelli,$ccopyr. 1968. 300 $a160 p., [17] p. di tav. :$bill. ;$c19 cm. 490 0 $aBiblioteca di monografie scientifiche [Zanichelli]$ ;$v32 650 4$aMetereologia.$0(OLS)http://semarc/subject/16080 830 0$aBiblioteca di monografie scientifiche ;$v32.$0(OLS)http://semarc/title/21034 850 $aSeMil 852 $aSeMil$W1$xVenegono$y1$m3X I 44$j71959$B71959$CSeMilBibl$Z2$F75862 $81 961 $aLascito: Orsenigo don Elia 996 $6245$aMare, vulcani e nubi :$bmeteorologia della superficie marina$9(OLS)http://semarc/title/170893 996 $6260$aBologna :$bZanichelli$9(OLS)http://semarc/publisher/29934